Statistics for 2018 FIFA World Cup Top Goal Scorers

Click here to take the quiz!

General Stats

  • This quiz has been taken 1,012 times
    (671 since last reset)
  • The average score is 18 of 26

Answer Stats

GoalsAnswerTeam% Correct
6Harry KaneEngland
99%
4Cristiano RonaldoPortugal
97%
4Romelu LukakuBelgium
96%
4Antoine GriezmannFrance
94%
4Kylian MbappéFrance
93%
2Luis SuarezUruguay
91%
3Eden HazardBelgium
90%
2Luka ModricCroatia
90%
2NeymarBrazil
90%
2Mohamed SalahEgypt
87%
3Edinson CavaniUruguay
87%
3Mario MandžukićCroatia
76%
2Son Heung-minSouth Korea
74%
2Sergio AgüeroArgentina
74%
3Ivan PerišićCroatia
72%
3Diego CostaSpain
71%
2Philippe CoutinhoBrazil
58%
4Denis CheryshevRussia
58%
3Yerry MinaColombia
49%
2Ahmed MusaNigeria
46%
3Artem DzyubaRussia
45%
2John StonesEngland
40%
2Mile JedinakAustralia
33%
2Takashi InuiJapan
26%
2Wahbi KhazriTunisia
26%
2Andreas GranqvistSweden
22%

Score Distribution

Percentile by Number Answered

Percent of People with Each Score

Your Score History

You have not taken this quiz since the last reset